ბათუმის შოთა რუსთაველის სახელმწიფო უნივერსიტეტის ბიბლიოთეკა

კაპიტალისტური ქვეყნების ეკონომიკური ისტორია : (ბიბ.ჩანაწერი № 63620)

000 -ლიდერი
ფიქსირებული სიგრძის საკონტროლო ველი 01160nam a22001937a 4500
003 - საკონტროლო ნომრის იდენტიფიკატორი
საკონტროლო ველი Ge_BSU
005 - ბოლო ოპერაციის თარიღი და დრო
საკონტროლო ველი 20251117144745.0
008 - ფიქსირებული სიგრძის მონაცემთა ელემენტები - ზოგადი ინფორმაცია
ფიქსირებული სიგრძის საკონტროლო ველი 251117s1985 ge ||||| |||| 00| 0 geo d
041 ## - ენის კოდი
Language code of text/sound track or separate title geo
080 ## - უნივერსალური ათობითი კლასიფიკაციის ინდექსი
Universal Decimal Classification number 338(1-662)(09)(075.8) ა-27
100 ## - მთავარი ჩანაწერი - პიროვნების სახელი
Personal name ადვაძე, ვ.
9 (RLIN) 26241
245 ## - ცნობა სათაურის შესახებ
Title კაპიტალისტური ქვეყნების ეკონომიკური ისტორია :
Remainder of title [სახელმძღვ. უმაღლ. სასწავლებლების ეკონომ. ფაკ-ტის სტუდენტებისათვის].
Statement of responsibility, etc ვ. ადვაძე; რედ. თ. დემეტრაშვილი.
250 ## - გამოცემის ცნობა
Edition statement მე-2 გადამუშ. და შევს. გამოც.
264 ## - წარმოების, გამოცემის, დისტრიბუციის და სხვა ცნობები
გამოცემის, წარმოების, დისტრიბუციის... ადგილი თბ. :
გამოცემის, წარმოების, დისტრიბუციის... სახელწოდება თბილ. უნ-ტის გამ-ბა,
გამოცემის, წარმოების, დისტრიბუციის... თარიღი 1985.
300 ## - ფიზიკური აღწერა
Extent 206 გვ. ;
Other physical details 20 სმ.
653 ## - INDEX TERM--UNCONTROLLED
Uncontrolled term კაპიტალისტური ქვეყნების ეკონომიკური ისტორია.
700 ## - ADDED ENTRY--PERSONAL NAME
Personal name დემეტრაშვილი, თ.
Relator term რედაქტორი
9 (RLIN) 6726
942 ## - ADDED ENTRY ELEMENTS (KOHA)
Source of classification or shelving scheme
Koha item type წიგნი
ეგზემპლარები
ჩამოწერის სტატუსი დაკარგული ეგზემპლარის სტატუსი კლასიფიკაციის წყარო ან თაროზე გაწყობის სქემა დაზიანების სტატუსი არ გაიცემა მუდმივი მდებარეობა (დაცვის ადგილი) ამჟამინდელი ადგილსამყოფელი თაროზე განთავსების ადგილი შეძენის თარიღი ღირებულება, შესყიდვის ნორმალური ფასი სრული შენახვის შიფრი შტრიხკოდი ბოლო ოპერაციის თარიღი ეგზემპლარის მიმდევრობითი ნომერი (კეტერი?) ფასის ძალაში შესვლის თარიღი ეგზემპლარის სახეობა საჯარო შენიშვნა
          ბათუმის შოთა რუსთაველის სახელმწიფო უნივერსიტეტის მთავარი ბიბლიოთეკა ბათუმის შოთა რუსთაველის სახელმწიფო უნივერსიტეტის მთავარი ბიბლიოთეკა წიგნსაცავი 2025-11-17 1.00 338(1-662)(09)(075.8) ა-27 73089 2025-11-17 73089 2025-11-17 წიგნი 1 ლ.
          ბათუმის შოთა რუსთაველის სახელმწიფო უნივერსიტეტის მთავარი ბიბლიოთეკა ბათუმის შოთა რუსთაველის სახელმწიფო უნივერსიტეტის მთავარი ბიბლიოთეკა წიგნსაცავი 2025-11-17 1.00 338(1-662)(09)(075.8) ა-27 73090 2025-11-17 73090 2025-11-17 წიგნი 1 ლ.
          ბათუმის შოთა რუსთაველის სახელმწიფო უნივერსიტეტის მთავარი ბიბლიოთეკა ბათუმის შოთა რუსთაველის სახელმწიფო უნივერსიტეტის მთავარი ბიბლიოთეკა წიგნსაცავი 2025-11-17 1.00 338(1-662)(09)(075.8) ა-27 73091 2025-11-17 73091 2025-11-17 წიგნი 1 ლ.
          ბათუმის შოთა რუსთაველის სახელმწიფო უნივერსიტეტის მთავარი ბიბლიოთეკა ბათუმის შოთა რუსთაველის სახელმწიფო უნივერსიტეტის მთავარი ბიბლიოთეკა წიგნსაცავი 2025-11-17 1.00 338(1-662)(09)(075.8) ა-27 73092 2025-11-17 73092 2025-11-17 წიგნი 1 ლ.
          ბათუმის შოთა რუსთაველის სახელმწიფო უნივერსიტეტის მთავარი ბიბლიოთეკა ბათუმის შოთა რუსთაველის სახელმწიფო უნივერსიტეტის მთავარი ბიბლიოთეკა წიგნსაცავი 2026-01-26 1.00 338(1-662)(09)(075.8) ა-27 73573 2026-01-26 73573 2026-01-26 წიგნი 1 ლ.
          ბათუმის შოთა რუსთაველის სახელმწიფო უნივერსიტეტის მთავარი ბიბლიოთეკა ბათუმის შოთა რუსთაველის სახელმწიფო უნივერსიტეტის მთავარი ბიბლიოთეკა წიგნსაცავი 2026-01-26 1.00 338(1-662)(09)(075.8) ა-27 73574 2026-01-26 73574 2026-01-26 წიგნი 1 ლ.